| 000 | 00598nam a2200253Ia 4500 | ||
|---|---|---|---|
| 008 | 190123s9999 xx 000 0 und d | ||
| 020 | _a9780531218280 | ||
| 050 | _bF911 2008 | ||
| 100 | _aFriedman, Mel | ||
| 245 | 0 | _aAustralia and Oceana / | |
| 245 | 0 | _cby Mel Friedman. | |
| 260 | _aNew York, New York : | ||
| 260 | _bChildren's Press, | ||
| 260 | _c2008 | ||
| 300 | _a48 pages : | ||
| 300 | _bcolored illustrations ; | ||
| 300 | _c21cm. | ||
| 440 | _aA true book. | ||
| 500 | _a790L | ||
| 650 | _aAustralia. | ||
| 650 | _aOceania. | ||
| 700 | _aSeries. | ||
| 700 | _aTitle. | ||
| 999 |
_c361037 _d361037 |
||